|
|
|
|
| LEADER |
01483nam a2200409 a 4500 |
| 001 |
000759539 |
| 003 |
CZ BrMZK |
| 005 |
20200324135525.0 |
| 007 |
ta |
| 008 |
050114s2004 xr a br6 000 1 cze d |
| 015 |
|
|
|a cnb001496116
|
| 020 |
|
|
|a 80-252-0105-8
|q (brož.)
|
| 035 |
|
|
|a (OCoLC)40079539
|
| 040 |
|
|
|a BOA001
|b cze
|
| 041 |
1 |
|
|a cze
|h fre
|
| 072 |
|
7 |
|a 741.52
|x Komiksy. Komiksové adaptace
|2 Konspekt
|9 21
|
| 072 |
|
7 |
|a 821-93
|x Literatura pro děti a mládež (beletrie)
|2 Konspekt
|9 26
|
| 080 |
|
|
|a 741.52(0:82-321.6)
|2 MRF
|
| 080 |
|
|
|a 741.52(0:82-321.5)
|2 MRF
|
| 080 |
|
|
|a 821-93
|2 MRF
|
| 100 |
1 |
|
|a Goscinny, René,
|d 1926-1977
|7 jn20000602144
|4 aut
|
| 245 |
1 |
0 |
|a Asterix a velká zámořská plavba /
|c text René Goscinny ; kresby Albert Uderzo ; [překlad Kateřina Vinšová]
|
| 250 |
|
|
|a 3. vyd.
|
| 260 |
|
|
|a Praha :
|b Egmont ČR,
|c c2004
|
| 300 |
|
|
|a 48 s. :
|b barev. il. ;
|c 29 cm
|
| 490 |
1 |
|
|a Asterixova dobrodružství ;
|v 17
|
| 500 |
|
|
|a Překlad z francouzštiny
|
| 655 |
|
7 |
|a historické komiksy
|7 fd1057475
|2 czenas
|
| 655 |
|
7 |
|a humoristické komiksy
|7 fd1057480
|2 czenas
|
| 655 |
|
7 |
|a publikace pro děti
|7 fd133156
|2 czenas
|
| 700 |
1 |
|
|a Uderzo, Albert,
|d 1927-2020
|7 jn20001005640
|4 ill
|
| 765 |
0 |
|
|t Grande traversée
|9 Česky
|
| 830 |
|
0 |
|a Asterixova dobrodružství
|0 s
|
| 910 |
|
|
|a BOA001
|b 3-1146.404
|
| 990 |
|
|
|a BK
|
| 991 |
|
|
|b 200502
|
| 996 |
6 |
|
|b 2610239549
|c 3-1146.404
|l MZK
|r Sklad / do 1 hodiny
|n 6
|p p.v.
|w 000759539
|u 000010
|a 1
|e BOA001
|j MZK50
|s P
|